000 004920000a22001090004500
245 1 0 _aLas Enfermedades de la Salud en Colombia
300 _anúm.28 (Junio, 2011), Pág. 8-9
520 _aEl sistema de salud en Colombia, clasificado como uno de los mejores del mundo, creó las condiciones para el abuso. El escándalo de la corrupción de la salud, muestra ese sistema como un enfermo grave.
650 1 4 _aSALUD
773 0 _tVida nueva: Una palabra comprometida en la iglesia
942 _cANA
999 _c63525
_d63525